Statistics for Can you guess the 10 countries with the most coastline

Click here to take the quiz!

General Stats

  • This quiz has been taken 34 times
  • The average score is 9 of 10

Answer Stats

HintAnswer% Correct
202,080 KilometersCanada
100%
37,653 KilometersRussia
100%
25,760 KilometersAustralia
97%
19,924 KilometersUnited states of america
97%
99,083 KilometersIndonesia
91%
29,751 KilometersJapan
84%
36,289 KilometersPhilippines
84%
14,500 KilometersChina
81%
15,134 KilometersNew zealand
69%
58,133 KilometersNorway
69%

Score Distribution

Percentile by Number Answered

Percent of People with Each Score

Your Score History

You have not taken this quiz